Oceano Azul Expedition to Gorringe: scientific report (Record no. 32626)

000 -Cabeçalho do registo
Cabeçalho 01254nam 22002293 4500
001 - Identificador do registo
Campo de controlo 32626
100 ## - Dados gerais de processamento
Dados gerais de processamento 20260324d2024 u||y0engy50 ba
101 ## - Língua de publicação
Língua do texto, banda sonora, etc. Inglês
102 ## - Pais de publicação ou produção
País de publicação Portugal
200 ## - Titulo e menção de responsabilidade
Título próprio Oceano Azul Expedition to Gorringe: scientific report
Primeira menção de responsabilidade Fundação Oceano Azul
Outras menções de responsabilidade Coord. Emanuel Gonçalves Henrique Cabral
210 ## - Publicação, Distribuição, etc.
Lugar da edição, distribuição, etc. Portugal, Lisboa
Nome do editor, distribuidor, etc. Fundação Oceano Azul
Data da publicação, distribuição, etc. 2024
215 ## - Descrição física
Indicação específica da natureza do documento e extensão da espécie 207 p.
Outras indicações físicas il. color
Dimensões 33 cm
327 ## - Nota de conteúdo
Texto da nota Expedição envolveu mais de 70 investigadores e técnicos de diversas instituições científicas nacionais e internacionais. Os dados recolhidos refletem e reforçam o reconhecimento científico de excecional valor ecológico, geológico e biológico do monte submarino Gorringe e das áreas oceânicas envolventes, consolidando o conhecimento sobre mais alta montanha da Europa ocidental e dos ecossistemas que a rodeiam.
606 ## - Nome comum usado como assunto
Palavra de ordem Expedição
Subdivisão de assunto Oceano azul
-- Gorringe
-- Monte submarino na ZEE de Portugal
Subdivisão geográfica Sudoeste do cabo de São Vicente
Subdivisão cronológica 2024
710 ## - Nome de colectividade-autor (responsabilidade principal)
Palavra de ordem Fundação Oceano Azul
Holdings
Situação do extravio Data de aquisição Número de registo Biblioteca de aquisição Biblioteca de empréstimo Cota Fim da data de empréstimo Permissão de empréstimo Tipo de documento Forma de aquisição
  2026-03-24 11626 Biblioteca de Algés Biblioteca de Algés 11626 2026-03-24 Emprestado Monografias Oferta

Powered by Koha